Strategic Management / Third Edition (Record no. 3334)
[ view plain ]
| 000 -LEADER | |
|---|---|
| fixed length control field | 01313cam a22002174a 4500 |
| 005 - ΗΜΕΡΟΜΗΝΙΑ ΚΑΙ ΩΡΑ ΤΕΛΕΥΤΑΙΑΣ ΕΝΗΜΕΡΩΣΗΣ | |
| Πεδίο ελέγχου | 20250605164112.0 |
| 008 - FIXED-LENGTH DATA ELEMENTS--GENERAL INFORMATION | |
| Πεδίο ελέγχου σταθερού μήκους | 250528s ||||||||||||||||||||||||d |
| 035 ## - SYSTEM CONTROL NUMBER | |
| System control number | 17939 |
| 020 ## - ISBN | |
| ISBN | 201508257 |
| 040 ## - ΠΗΓΗ ΚΑΤΑΛΟΓΟΓΡΑΦΗΣΗΣ | |
| Φορέας πρωτότυπης καταλογογράφησης | MC Athens Campus Library |
| Γλώσσα καταλογογράφησης | Ελληνικά, Μοντέρνα (1453-) |
| Modifying agency | MC Athens Campus Library |
| Κανόνες περιγραφικής καταλογογράφησης | AACR2 |
| 245 1# - ΤΙΤΛΟΣ ΚΑΙ ΔΗΛΩΣΗ ΥΠΕΥΘΥΝΟΤΗΤΑΣ | |
| Τίτλος | Strategic Management / Third Edition |
| 250 ## - EDITION STATEMENT | |
| Edition statement | 3rd |
| 260 ## - PUBLICATION, DISTRIBUTION, ETC. | |
| Name of publisher, distributor, etc. | Addison-Wesley Publishing Company, |
| Date of publication, distribution, etc. | 1990 |
| 300 ## - PHYSICAL DESCRIPTION | |
| Extent | 408 |
| 520 ## - SUMMARY, ETC. | |
| Summary, etc. | This book explores the critical strategies that explain why some companies develop and thrive while others stagnate and go bankrupt. Introduction to Strategic Management and Business Policy, Developing Conceptual Skills: The Case Method and the Strategic Audit, Scanning the Environment, Strategic Managers, The External Environment, The Internal Environment, Strategy Formulation, Strategy Formulation: Situation Analysis, Strategy Formulation: Strategic Alternatives, Strategy Implementation and Control, Strategy Implementation, Evaluation and Control, Other Strategic Concepts, Strategic Issues in Multinational Corporations, Strategic Issues in Not-for-Profit Organizations, Strategic Issues in Entrepreneurial Ventures and Small Businesses, Name and Subject Index. |
| 700 1# - ΠΡΟΣΘΕΤΗ ΑΝΑΓΡΑΦΗ--ΦΥΣΙΚΟ ΠΡΟΣΩΠΟ | |
| Personal name | Hunger David J |
| 9 (RLIN) | 3351 |
| 700 1# - ΠΡΟΣΘΕΤΗ ΑΝΑΓΡΑΦΗ--ΦΥΣΙΚΟ ΠΡΟΣΩΠΟ | |
| Personal name | Wheelen Thomas L |
| 9 (RLIN) | 3352 |
| 942 ## - ADDED ENTRY ELEMENTS (KOHA) | |
| Koha item type | Books |
| Τύπος τεκμηρίου | Βιβλιοθήκη | Τρέχουσα τοποθεσία | Barcode | Αριθμός εισαγωγής | Ημερομηνία απόκτησης | Ταξιθετικό σύμβολο | Αριθμός αντιτύπου | Κατάσταση απόσυρσης | Κατάσταση χαμένου | Κατάσταση κατεστραμμένου | Μη δανεισμός | Σύνολο δανεισμών | Ημερομηνία τελευταίας εμφάνισης | Η τιμή ισχύει από |
|---|---|---|---|---|---|---|---|---|---|---|---|---|---|---|
| Books | MC Athens Campus Library | MC Athens Campus Library | 9780000033338 | 1711 | 05/06/2025 | 658.4/012 WHE | 1 | 05/06/2025 | 05/06/2025 |